[Event "Chessable Masters - Torneo preliminare"]
[White "Vetoshko, Volodymyr"]
[Black "Dreev, Aleksey"]
[WhiteFideId "14122480"]
[BlackFideId "4100107"]
[WhiteElo "2457"]
[BlackElo "2557"]
[Result "0-1"]
[Round "2"]
[TimeControl "600+2"]
[Date "2023.03.13"]
[WhiteClock "0:00:04"]
[BlackClock "0:01:28"]

1. e4 {[%clk 0:10:00]}  c6 {[%clk 0:10:00]} 2. d4 {[%clk 0:09:57]}  d5 {[%clk 0:10:01]} 3. exd5 {[%clk 0:09:59]}  cxd5 {[%clk 0:10:02]} 4. Bd3 {[%clk 0:09:59]}  Nc6 {[%clk 0:09:58]} 5. c3 {[%clk 0:10:00]}  Qc7 {[%clk 0:09:55]} 6. Na3 {[%clk 0:09:26]}  a6 {[%clk 0:09:44]} 7. Nc2 {[%clk 0:09:26]}  Nf6 {[%clk 0:08:28]} 8. h3 {[%clk 0:09:23]}  g6 {[%clk 0:08:26]} 9. Ne2 {[%clk 0:09:06]}  Bf5 {[%clk 0:08:20]} 10. Bf4 {[%clk 0:08:48]}  Qd7 {[%clk 0:08:15]} 11. O-O {[%clk 0:08:32]}  Bg7 {[%clk 0:08:09]} 12. Ne1 {[%clk 0:07:06]}  O-O {[%clk 0:07:59]} 13. Ng3 {[%clk 0:06:31]}  e6 {[%clk 0:06:52]} 14. Be2 {[%clk 0:04:26]}  Rfe8 {[%clk 0:06:19]} 15. Nd3 {[%clk 0:03:58]}  Bxd3 {[%clk 0:06:11]} 16. Bxd3 {[%clk 0:04:00]}  b5 {[%clk 0:06:10]} 17. a3 {[%clk 0:03:52]}  Na5 {[%clk 0:06:04]} 18. Qe2 {[%clk 0:02:58]}  Rec8 {[%clk 0:05:42]} 19. Rfe1 {[%clk 0:02:33]}  Nc4 {[%clk 0:05:38]} 20. Nf1 {[%clk 0:02:30]}  Nh5 {[%clk 0:05:04]} 21. Bh2 {[%clk 0:01:47]}  Bh6 {[%clk 0:05:04]} 22. g3 {[%clk 0:01:13]}  Re8 {[%clk 0:03:44]} 23. f4 {[%clk 0:00:57]}  f5 {[%clk 0:03:42]} 24. Kg2 {[%clk 0:00:27]}  Nf6 {[%clk 0:03:33]} 25. Bg1 {[%clk 0:00:12]}  Ne4 {[%clk 0:03:26]} 26. Nh2 {[%clk 0:00:12]}  g5 {[%clk 0:03:10]} 27. fxg5 {[%clk 0:00:12]}  Bxg5 {[%clk 0:03:11]} 28. Nf3 {[%clk 0:00:14]}  Qg7 {[%clk 0:03:06]} 29. Bxe4 {[%clk 0:00:09]}  dxe4 {[%clk 0:02:43]} 30. Nxg5 {[%clk 0:00:11]}  Qxg5 {[%clk 0:02:44]} 31. b3 {[%clk 0:00:12]}  Na5 {[%clk 0:02:22]} 32. Be3 {[%clk 0:00:12]}  Qg6 {[%clk 0:02:19]} 33. Rab1 {[%clk 0:00:10]}  Rac8 {[%clk 0:02:18]} 34. Rec1 {[%clk 0:00:11]}  Nc6 {[%clk 0:02:09]} 35. c4 {[%clk 0:00:12]}  e5 {[%clk 0:02:09]} 36. dxe5 {[%clk 0:00:06]}  Nxe5 {[%clk 0:02:06]} 37. cxb5 {[%clk 0:00:07]}  Nd3 {[%clk 0:02:03]} 38. Rxc8 {[%clk 0:00:08]}  Rxc8 {[%clk 0:02:05]} 39. bxa6 {[%clk 0:00:07]}  f4 {[%clk 0:02:02]} 40. Qg4 {[%clk 0:00:04]}  Qxg4 {[%clk 0:02:00]} 41. hxg4 {[%clk 0:00:06]}  fxe3 {[%clk 0:02:01]} 42. Kf1 {[%clk 0:00:05]}  Rc2 {[%clk 0:01:56]} 43. a7 {[%clk 0:00:03]}  e2+ {[%clk 0:01:56]} 44. Kg1 {[%clk 0:00:05]}  Rc8 {[%clk 0:01:56]} 45. b4 {[%clk 0:00:05]}  e3 {[%clk 0:01:35]} 46. b5 {[%clk 0:00:05]}  Nc1 {[%clk 0:01:31]} 47. Rxc1 {[%clk 0:00:03]}  Rxc1+ {[%clk 0:01:29]} 48. Kg2 {[%clk 0:00:04]}  Rc8 {[%clk 0:01:28]} 0-1


[Site "Internet"]

[Event "Chessable Masters - Torneo preliminare"]
[White "Pantsulaia, Levan"]
[Black "Frolyanov, Dmitry"]
[WhiteFideId "13602071"]
[BlackFideId "4151976"]
[WhiteElo "2533"]
[BlackElo "2451"]
[Result "0-1"]
[Round "2"]
[TimeControl "600+2"]
[Date "2023.03.13"]
[WhiteClock "0:00:04"]
[BlackClock "0:00:21"]

1. Nf3 {[%clk 0:10:01]}  d5 {[%clk 0:09:59]} 2. c4 {[%clk 0:10:02]}  e6 {[%clk 0:09:57]} 3. g3 {[%clk 0:10:00]}  Nf6 {[%clk 0:09:57]} 4. Bg2 {[%clk 0:10:01]}  Be7 {[%clk 0:09:57]} 5. O-O {[%clk 0:10:01]}  O-O {[%clk 0:09:57]} 6. b3 {[%clk 0:10:02]}  b6 {[%clk 0:09:56]} 7. cxd5 {[%clk 0:10:01]}  exd5 {[%clk 0:09:55]} 8. d4 {[%clk 0:10:01]}  Bb7 {[%clk 0:09:53]} 9. Nc3 {[%clk 0:10:02]}  Nbd7 {[%clk 0:09:41]} 10. Bb2 {[%clk 0:09:14]}  c6 {[%clk 0:09:33]} 11. Ne5 {[%clk 0:08:58]}  Nxe5 {[%clk 0:09:27]} 12. dxe5 {[%clk 0:09:00]}  Nd7 {[%clk 0:09:28]} 13. e4 {[%clk 0:08:21]}  d4 {[%clk 0:08:47]} 14. Qxd4 {[%clk 0:08:20]}  Bc5 {[%clk 0:08:47]} 15. Qd1 {[%clk 0:08:21]}  Nxe5 {[%clk 0:08:48]} 16. Na4 {[%clk 0:08:23]}  Nd3 {[%clk 0:08:04]} 17. Nxc5 {[%clk 0:08:20]}  bxc5 {[%clk 0:07:15]} 18. Bc3 {[%clk 0:08:08]}  Ba6 {[%clk 0:07:16]} 19. Qg4 {[%clk 0:08:04]}  f6 {[%clk 0:06:59]} 20. Rfd1 {[%clk 0:06:00]}  Qe7 {[%clk 0:06:53]} 21. Rd2 {[%clk 0:05:39]}  Rad8 {[%clk 0:06:24]} 22. Rad1 {[%clk 0:05:39]}  Ne5 {[%clk 0:05:49]} 23. Qf5 {[%clk 0:04:51]}  Rxd2 {[%clk 0:05:46]} 24. Rxd2 {[%clk 0:04:50]}  c4 {[%clk 0:05:48]} 25. h3 {[%clk 0:04:03]}  cxb3 {[%clk 0:05:41]} 26. axb3 {[%clk 0:04:05]}  Bc8 {[%clk 0:05:26]} 27. Qf4 {[%clk 0:04:05]}  Qc5 {[%clk 0:05:19]} 28. Bd4 {[%clk 0:03:36]}  Qb5 {[%clk 0:04:49]} 29. Qe3 {[%clk 0:03:34]}  Be6 {[%clk 0:04:43]} 30. f4 {[%clk 0:03:24]}  Nf7 {[%clk 0:04:43]} 31. Bc5 {[%clk 0:03:07]}  Re8 {[%clk 0:04:24]} 32. b4 {[%clk 0:02:27]}  a5 {[%clk 0:04:24]} 33. bxa5 {[%clk 0:02:20]}  Qxa5 {[%clk 0:04:26]} 34. Kh2 {[%clk 0:02:20]}  Bd5 {[%clk 0:03:53]} 35. Qd4 {[%clk 0:00:38]}  Bxe4 {[%clk 0:03:25]} 36. Re2 {[%clk 0:00:39]}  f5 {[%clk 0:03:05]} 37. Bb4 {[%clk 0:00:39]}  Qd5 {[%clk 0:02:55]} 38. Qa1 {[%clk 0:00:12]}  Qc4 {[%clk 0:02:48]} 39. Qe1 {[%clk 0:00:13]}  h6 {[%clk 0:01:47]} 40. Ba3 {[%clk 0:00:13]}  Ra8 {[%clk 0:01:43]} 41. Bxe4 {[%clk 0:00:12]}  fxe4 {[%clk 0:01:43]} 42. Bc1 {[%clk 0:00:03]}  Ra1 {[%clk 0:01:40]} 43. Rxe4 {[%clk 0:00:03]}  Qc2+ {[%clk 0:01:32]} 44. Re2 {[%clk 0:00:02]}  Rxc1 {[%clk 0:01:30]} 45. Rxc2 {[%clk 0:00:03]}  Rxe1 {[%clk 0:01:30]} 46. Rxc6 {[%clk 0:00:05]}  Re2+ {[%clk 0:01:31]} 47. Kg1 {[%clk 0:00:07]}  h5 {[%clk 0:01:22]} 48. Rc5 {[%clk 0:00:05]}  g6 {[%clk 0:01:21]} 49. Rc6 {[%clk 0:00:06]}  Kg7 {[%clk 0:01:21]} 50. Kh1 {[%clk 0:00:06]}  Rd2 {[%clk 0:01:17]} 51. Kg1 {[%clk 0:00:07]}  Nd6 {[%clk 0:01:10]} 52. Rc7+ {[%clk 0:00:08]}  Kf6 {[%clk 0:01:09]} 53. g4 {[%clk 0:00:09]}  hxg4 {[%clk 0:00:55]} 54. hxg4 {[%clk 0:00:11]}  Rd4 {[%clk 0:00:56]} 55. Rd7 {[%clk 0:00:12]}  Nb5 {[%clk 0:00:44]} 56. Rxd4 {[%clk 0:00:12]}  Nxd4 {[%clk 0:00:44]} 57. Kf2 {[%clk 0:00:14]}  Nb3 {[%clk 0:00:36]} 58. Ke3 {[%clk 0:00:15]}  Nc5 {[%clk 0:00:36]} 59. Kd4 {[%clk 0:00:16]}  Ne6+ {[%clk 0:00:32]} 60. Ke4 {[%clk 0:00:18]}  Nc7 {[%clk 0:00:32]} 61. Kd4 {[%clk 0:00:17]}  Nb5+ {[%clk 0:00:32]} 62. Ke4 {[%clk 0:00:17]}  Nc3+ {[%clk 0:00:33]} 63. Kd4 {[%clk 0:00:18]}  Nd1 {[%clk 0:00:34]} 64. Ke4 {[%clk 0:00:18]}  Kf7 {[%clk 0:00:32]} 65. Kf3 {[%clk 0:00:18]}  Kg7 {[%clk 0:00:33]} 66. Ke2 {[%clk 0:00:20]}  Nc3+ {[%clk 0:00:33]} 67. Kd3 {[%clk 0:00:21]}  Nb5 {[%clk 0:00:34]} 68. Ke4 {[%clk 0:00:19]}  Kf6 {[%clk 0:00:33]} 69. Kd3 {[%clk 0:00:17]}  Nd6 {[%clk 0:00:29]} 70. Kd4 {[%clk 0:00:18]}  Nb7 {[%clk 0:00:29]} 71. Kd5 {[%clk 0:00:18]}  Na5 {[%clk 0:00:30]} 72. Kd4 {[%clk 0:00:14]}  Nb3+ {[%clk 0:00:31]} 73. Ke3 {[%clk 0:00:13]}  Ke7 {[%clk 0:00:25]} 74. Ke4 {[%clk 0:00:13]}  Nc1 {[%clk 0:00:22]} 75. Ke3 {[%clk 0:00:11]}  Kd6 {[%clk 0:00:21]} 76. Kf3 {[%clk 0:00:12]}  Kd5 {[%clk 0:00:22]} 77. Ke3 {[%clk 0:00:09]}  Nb3 {[%clk 0:00:22]} 78. Kd3 {[%clk 0:00:09]}  Nc5+ {[%clk 0:00:23]} 79. Ke3 {[%clk 0:00:11]}  Nd7 {[%clk 0:00:24]} 80. Kf3 {[%clk 0:00:08]}  Nf6 {[%clk 0:00:25]} 81. g5 {[%clk 0:00:04]}  Nh5 {[%clk 0:00:21]} 0-1


[Site "Internet"]

[Event "Chessable Masters - Torneo preliminare"]
[White "Tabatabaei, M. Amin"]
[Black "Makhnev, Denis"]
[WhiteFideId "12521213"]
[BlackFideId "13707647"]
[WhiteElo "2558"]
[BlackElo "2505"]
[Result "1-0"]
[Round "2"]
[TimeControl "600+2"]
[Date "2023.03.13"]
[WhiteClock "0:00:39"]
[BlackClock "0:00:05"]

1. d4 {[%clk 0:10:01]}  Nf6 {[%clk 0:09:57]} 2. c4 {[%clk 0:10:02]}  e6 {[%clk 0:09:58]} 3. Nf3 {[%clk 0:10:02]}  d5 {[%clk 0:09:56]} 4. g3 {[%clk 0:10:03]}  Bb4+ {[%clk 0:09:56]} 5. Bd2 {[%clk 0:10:04]}  Be7 {[%clk 0:09:56]} 6. Bg2 {[%clk 0:10:05]}  O-O {[%clk 0:09:52]} 7. Qc2 {[%clk 0:10:06]}  Ne4 {[%clk 0:09:43]} 8. O-O {[%clk 0:10:00]}  Nd7 {[%clk 0:09:44]} 9. Nc3 {[%clk 0:09:49]}  Nxd2 {[%clk 0:09:44]} 10. Nxd2 {[%clk 0:09:44]}  c6 {[%clk 0:09:46]} 11. Rad1 {[%clk 0:09:25]}  f5 {[%clk 0:09:31]} 12. a3 {[%clk 0:09:26]}  a5 {[%clk 0:09:25]} 13. e3 {[%clk 0:09:27]}  Kh8 {[%clk 0:08:04]} 14. Rb1 {[%clk 0:09:22]}  b5 {[%clk 0:07:54]} 15. cxb5 {[%clk 0:09:09]}  cxb5 {[%clk 0:07:55]} 16. Nxb5 {[%clk 0:09:06]}  Ba6 {[%clk 0:07:56]} 17. a4 {[%clk 0:09:07]}  Qb6 {[%clk 0:07:57]} 18. Rfc1 {[%clk 0:08:58]}  Bxb5 {[%clk 0:06:15]} 19. axb5 {[%clk 0:09:00]}  Qxb5 {[%clk 0:06:17]} 20. Qc6 {[%clk 0:08:52]}  Qxc6 {[%clk 0:05:59]} 21. Rxc6 {[%clk 0:08:54]}  Bb4 {[%clk 0:06:00]} 22. Nf3 {[%clk 0:08:38]}  Rfe8 {[%clk 0:05:56]} 23. Rbc1 {[%clk 0:06:45]}  Rab8 {[%clk 0:05:14]} 24. Rc7 {[%clk 0:05:16]}  Nf8 {[%clk 0:04:50]} 25. Ne5 {[%clk 0:04:55]}  Kg8 {[%clk 0:04:50]} 26. Nc6 {[%clk 0:03:37]}  Rb6 {[%clk 0:04:36]} 27. Ra7 {[%clk 0:03:28]}  Bd6 {[%clk 0:03:36]} 28. Rc2 {[%clk 0:03:29]}  Ng6 {[%clk 0:03:37]} 29. Nxa5 {[%clk 0:03:18]}  Reb8 {[%clk 0:03:37]} 30. b3 {[%clk 0:03:13]}  Ne7 {[%clk 0:03:38]} 31. Bf1 {[%clk 0:02:57]}  Kf8 {[%clk 0:03:26]} 32. Ba6 {[%clk 0:02:21]}  Bb4 {[%clk 0:02:31]} 33. Rcc7 {[%clk 0:02:21]}  Bxa5 {[%clk 0:02:13]} 34. Rxe7 {[%clk 0:02:22]}  Rxa6 {[%clk 0:02:14]} 35. Rf7+ {[%clk 0:02:18]}  Ke8 {[%clk 0:02:15]} 36. Rae7+ {[%clk 0:02:01]}  Kd8 {[%clk 0:02:15]} 37. Rxg7 {[%clk 0:02:03]}  Rxb3 {[%clk 0:02:09]} 38. Rxh7 {[%clk 0:01:59]}  Rc6 {[%clk 0:00:58]} 39. Reg7 {[%clk 0:01:06]}  Kc8 {[%clk 0:00:48]} 40. Rh8+ {[%clk 0:00:58]}  Bd8 {[%clk 0:00:48]} 41. h4 {[%clk 0:00:53]}  Rc7 {[%clk 0:00:13]} 42. Rgg8 {[%clk 0:00:55]}  Rd7 {[%clk 0:00:14]} 43. h5 {[%clk 0:00:57]}  Kc7 {[%clk 0:00:15]} 44. Rg6 {[%clk 0:00:48]}  Rb6 {[%clk 0:00:04]} 45. h6 {[%clk 0:00:50]}  Be7 {[%clk 0:00:02]} 46. h7 {[%clk 0:00:45]}  Bd6 {[%clk 0:00:02]} 47. Rc8+ {[%clk 0:00:40]}  Kxc8 {[%clk 0:00:03]} 48. h8=Q+ {[%clk 0:00:42]}  Rd8 {[%clk 0:00:03]} 49. Qh6 {[%clk 0:00:38]}  Bf8 {[%clk 0:00:03]} 50. Qh7 {[%clk 0:00:38]}  Rb7 {[%clk 0:00:02]} 51. Qg8 {[%clk 0:00:38]}  Bd6 {[%clk 0:00:03]} 52. Qxe6+ {[%clk 0:00:39]}  Rbd7 {[%clk 0:00:05]} 53. Qxf5 {[%clk 0:00:39]} 1-0


[Site "Internet"]

[Event "Chessable Masters - Torneo preliminare"]
[White "Raja, Rithvik R"]
[Black "Ponkratov, Pavel"]
[WhiteFideId "35007394"]
[BlackFideId "4157800"]
[WhiteElo "2387"]
[BlackElo "2586"]
[Result "0-1"]
[Round "2"]
[TimeControl "600+2"]
[Date "2023.03.13"]
[WhiteClock "0:01:06"]
[BlackClock "0:03:57"]

1. d4 {[%clk 0:10:00]}  Nf6 {[%clk 0:09:57]} 2. c4 {[%clk 0:10:01]}  e6 {[%clk 0:09:57]} 3. Nf3 {[%clk 0:09:58]}  c5 {[%clk 0:09:57]} 4. Nc3 {[%clk 0:09:55]}  cxd4 {[%clk 0:09:58]} 5. Nxd4 {[%clk 0:09:57]}  Nc6 {[%clk 0:10:00]} 6. a3 {[%clk 0:09:58]}  Bc5 {[%clk 0:09:55]} 7. Nb3 {[%clk 0:09:57]}  Be7 {[%clk 0:09:56]} 8. e4 {[%clk 0:09:54]}  O-O {[%clk 0:09:55]} 9. Be2 {[%clk 0:09:52]}  b6 {[%clk 0:09:55]} 10. O-O {[%clk 0:09:48]}  Qc7 {[%clk 0:09:56]} 11. Be3 {[%clk 0:09:46]}  Bb7 {[%clk 0:09:56]} 12. Rc1 {[%clk 0:09:42]}  Rac8 {[%clk 0:09:54]} 13. Nd2 {[%clk 0:09:32]}  Rfd8 {[%clk 0:09:51]} 14. f4 {[%clk 0:08:54]}  d5 {[%clk 0:08:47]} 15. cxd5 {[%clk 0:07:32]}  exd5 {[%clk 0:08:46]} 16. exd5 {[%clk 0:06:46]}  Nxd5 {[%clk 0:08:46]} 17. Nxd5 {[%clk 0:06:48]}  Rxd5 {[%clk 0:08:47]} 18. Bf3 {[%clk 0:06:50]}  Rd6 {[%clk 0:08:24]} 19. Qe2 {[%clk 0:06:20]}  Re8 {[%clk 0:08:13]} 20. Nc4 {[%clk 0:06:14]}  Re6 {[%clk 0:07:39]} 21. Ne5 {[%clk 0:06:11]}  Bf6 {[%clk 0:05:38]} 22. Bd5 {[%clk 0:05:51]}  Bxe5 {[%clk 0:05:38]} 23. fxe5 {[%clk 0:05:28]}  Qxe5 {[%clk 0:05:33]} 24. Bxe6 {[%clk 0:05:25]}  Rxe6 {[%clk 0:05:34]} 25. Rce1 {[%clk 0:05:08]}  h6 {[%clk 0:05:16]} 26. Qf2 {[%clk 0:05:01]}  Rf6 {[%clk 0:05:17]} 27. Qd2 {[%clk 0:04:43]}  Rd6 {[%clk 0:04:57]} 28. Qc2 {[%clk 0:04:25]}  Rg6 {[%clk 0:04:47]} 29. Qf2 {[%clk 0:02:38]}  Qd5 {[%clk 0:04:09]} 30. Bf4 {[%clk 0:02:17]}  Nd4 {[%clk 0:04:05]} 31. Bg3 {[%clk 0:02:11]}  Rf6 {[%clk 0:04:04]} 32. Re8+ {[%clk 0:01:20]}  Kh7 {[%clk 0:04:03]} 33. Bf4 {[%clk 0:01:02]}  Rxf4 {[%clk 0:04:01]} 34. Qg3 {[%clk 0:01:04]}  Rxf1+ {[%clk 0:03:55]} 35. Kxf1 {[%clk 0:01:06]}  Qb5+ {[%clk 0:03:57]} 0-1


[Site "Internet"]

[Event "Chessable Masters - Torneo preliminare"]
[White "Flores, Diego"]
[Black "Hong, Andrew"]
[WhiteFideId "108049"]
[BlackFideId "2099438"]
[WhiteElo "2598"]
[BlackElo "2590"]
[Result "1-0"]
[Round "2"]
[TimeControl "600+2"]
[Date "2023.03.13"]
[WhiteClock "0:00:14"]
[BlackClock "0:00:14"]

1. c4 {[%clk 0:10:01]}  Nf6 {[%clk 0:09:59]} 2. Nc3 {[%clk 0:10:00]}  c5 {[%clk 0:09:58]} 3. g3 {[%clk 0:09:56]}  g6 {[%clk 0:09:58]} 4. Bg2 {[%clk 0:09:57]}  Bg7 {[%clk 0:09:59]} 5. d3 {[%clk 0:09:53]}  Nc6 {[%clk 0:09:55]} 6. e4 {[%clk 0:09:33]}  d6 {[%clk 0:09:52]} 7. Nge2 {[%clk 0:09:34]}  O-O {[%clk 0:09:52]} 8. O-O {[%clk 0:09:33]}  a6 {[%clk 0:09:46]} 9. h3 {[%clk 0:09:14]}  Rb8 {[%clk 0:09:44]} 10. a4 {[%clk 0:09:10]}  Ne8 {[%clk 0:09:33]} 11. Be3 {[%clk 0:09:10]}  Nd4 {[%clk 0:09:30]} 12. Rb1 {[%clk 0:09:09]}  Nxe2+ {[%clk 0:09:17]} 13. Qxe2 {[%clk 0:09:03]}  Nc7 {[%clk 0:09:16]} 14. Qd2 {[%clk 0:08:51]}  b5 {[%clk 0:09:14]} 15. axb5 {[%clk 0:08:25]}  axb5 {[%clk 0:09:14]} 16. b4 {[%clk 0:07:58]}  bxc4 {[%clk 0:09:02]} 17. bxc5 {[%clk 0:07:58]}  Rxb1 {[%clk 0:08:57]} 18. Rxb1 {[%clk 0:07:58]}  cxd3 {[%clk 0:08:35]} 19. c6 {[%clk 0:07:58]}  Ba6 {[%clk 0:08:21]} 20. Bb6 {[%clk 0:07:45]}  e6 {[%clk 0:07:05]} 21. Ra1 {[%clk 0:05:29]}  Bc4 {[%clk 0:06:33]} 22. Ra7 {[%clk 0:03:04]}  Qf6 {[%clk 0:05:09]} 23. Bxc7 {[%clk 0:03:03]}  Qxc3 {[%clk 0:05:08]} 24. Qxc3 {[%clk 0:03:04]}  Bxc3 {[%clk 0:05:10]} 25. Bxd6 {[%clk 0:03:06]}  Rc8 {[%clk 0:04:26]} 26. c7 {[%clk 0:03:05]}  Kg7 {[%clk 0:03:12]} 27. Rb7 {[%clk 0:02:47]}  Ba5 {[%clk 0:02:51]} 28. Ra7 {[%clk 0:01:21]}  Bb6 {[%clk 0:02:30]} 29. Rb7 {[%clk 0:01:22]}  Ba5 {[%clk 0:02:01]} 30. Bf3 {[%clk 0:01:23]}  d2 {[%clk 0:01:53]} 31. Bd1 {[%clk 0:01:02]}  f6 {[%clk 0:01:32]} 32. f3 {[%clk 0:01:01]}  Bc3 {[%clk 0:01:13]} 33. f4 {[%clk 0:00:46]}  f5 {[%clk 0:00:45]} 34. Rb8 {[%clk 0:00:36]}  Ba6 {[%clk 0:00:41]} 35. e5 {[%clk 0:00:36]}  Kf7 {[%clk 0:00:35]} 36. Kf2 {[%clk 0:00:37]}  Ba5 {[%clk 0:00:27]} 37. Be2 {[%clk 0:00:31]}  h5 {[%clk 0:00:06]} 38. g4 {[%clk 0:00:29]}  fxg4 {[%clk 0:00:06]} 39. hxg4 {[%clk 0:00:31]}  h4 {[%clk 0:00:06]} 40. Bf3 {[%clk 0:00:14]}  Bxc7 {[%clk 0:00:03]} 41. Rxc8 {[%clk 0:00:11]}  Bb6+ {[%clk 0:00:05]} 42. Bc5 {[%clk 0:00:11]}  Bxc8 {[%clk 0:00:05]} 43. Bxb6 {[%clk 0:00:13]}  Bb7 {[%clk 0:00:07]} 44. Bd1 {[%clk 0:00:11]}  g5 {[%clk 0:00:05]} 45. fxg5 {[%clk 0:00:12]}  Kg6 {[%clk 0:00:06]} 46. Be3 {[%clk 0:00:13]}  h3 {[%clk 0:00:04]} 47. Kg3 {[%clk 0:00:14]}  Bg2 {[%clk 0:00:06]} 48. Bxd2 {[%clk 0:00:15]}  Kg7 {[%clk 0:00:07]} 49. Bc2 {[%clk 0:00:16]}  Kf7 {[%clk 0:00:08]} 50. g6+ {[%clk 0:00:17]}  Kg7 {[%clk 0:00:10]} 51. Bg5 {[%clk 0:00:18]}  Bf1 {[%clk 0:00:10]} 52. Bf6+ {[%clk 0:00:19]}  Kg8 {[%clk 0:00:12]} 53. Be4 {[%clk 0:00:18]}  Kf8 {[%clk 0:00:10]} 54. Bc6 {[%clk 0:00:17]}  Kg8 {[%clk 0:00:11]} 55. Bd7 {[%clk 0:00:17]}  Bc4 {[%clk 0:00:10]} 56. Kxh3 {[%clk 0:00:18]}  Kf8 {[%clk 0:00:12]} 57. Kh4 {[%clk 0:00:19]}  Kg8 {[%clk 0:00:14]} 58. Kg5 {[%clk 0:00:20]}  Kf8 {[%clk 0:00:16]} 59. Kh6 {[%clk 0:00:18]}  Kg8 {[%clk 0:00:18]} 60. Be8 {[%clk 0:00:19]}  Bd3 {[%clk 0:00:16]} 61. Be7 {[%clk 0:00:15]}  Kh8 {[%clk 0:00:14]} 62. Bf7 {[%clk 0:00:14]} 1-0


[Site "Internet"]

[Event "Chessable Masters - Torneo preliminare"]
[White "Mareco, Sandro"]
[Black "Salgado Lopez, Ivan"]
[WhiteFideId "112275"]
[BlackFideId "2257327"]
[WhiteElo "2541"]
[BlackElo "2554"]
[Result "1-0"]
[Round "2"]
[TimeControl "600+2"]
[Date "2023.03.13"]
[WhiteClock "0:07:06"]
[BlackClock "0:04:59"]

1. d4 {[%clk 0:10:01]}  Nf6 {[%clk 0:09:43]} 2. c4 {[%clk 0:10:02]}  e6 {[%clk 0:09:41]} 3. Nf3 {[%clk 0:10:03]}  d5 {[%clk 0:09:40]} 4. g3 {[%clk 0:10:04]}  Be7 {[%clk 0:09:41]} 5. Bg2 {[%clk 0:10:05]}  O-O {[%clk 0:09:42]} 6. O-O {[%clk 0:10:06]}  dxc4 {[%clk 0:09:42]} 7. Qc2 {[%clk 0:10:07]}  a6 {[%clk 0:09:43]} 8. a4 {[%clk 0:10:08]}  Nc6 {[%clk 0:09:43]} 9. Qxc4 {[%clk 0:10:08]}  Qd5 {[%clk 0:09:45]} 10. Nbd2 {[%clk 0:10:09]}  Rd8 {[%clk 0:09:44]} 11. e3 {[%clk 0:10:11]}  Qxc4 {[%clk 0:09:43]} 12. Nxc4 {[%clk 0:10:11]}  a5 {[%clk 0:09:44]} 13. Bd2 {[%clk 0:10:08]}  Nd5 {[%clk 0:09:43]} 14. Rfc1 {[%clk 0:10:02]}  Ndb4 {[%clk 0:09:21]} 15. Nfe5 {[%clk 0:08:28]}  Nxe5 {[%clk 0:09:16]} 16. Nxe5 {[%clk 0:08:29]}  c6 {[%clk 0:09:16]} 17. Bxb4 {[%clk 0:08:24]}  Bxb4 {[%clk 0:09:02]} 18. Nd3 {[%clk 0:08:22]}  Be7 {[%clk 0:08:57]} 19. Nc5 {[%clk 0:08:20]}  Rb8 {[%clk 0:08:49]} 20. Rab1 {[%clk 0:08:21]}  f6 {[%clk 0:08:33]} 21. b4 {[%clk 0:08:08]}  axb4 {[%clk 0:08:11]} 22. Rxb4 {[%clk 0:08:08]}  e5 {[%clk 0:08:08]} 23. Bxc6 {[%clk 0:07:18]}  exd4 {[%clk 0:07:00]} 24. exd4 {[%clk 0:07:18]}  Bh3 {[%clk 0:05:50]} 25. Bxb7 {[%clk 0:07:07]}  Kf8 {[%clk 0:04:59]} 26. a5 {[%clk 0:07:06]} 1-0


[Site "Internet"]

[Event "Chessable Masters - Torneo preliminare"]
[White "Narayanan, Srinath"]
[Black "Steinberg, Nitzan"]
[WhiteFideId "5018420"]
[BlackFideId "2801795"]
[WhiteElo "2482"]
[BlackElo "2500"]
[Result "1/2-1/2"]
[Round "2"]
[TimeControl "600+2"]
[Date "2023.03.13"]
[WhiteClock "0:06:06"]
[BlackClock "0:05:28"]

1. Nf3 {[%clk 0:08:45]}  d5 {[%clk 0:09:59]} 2. e3 {[%clk 0:08:46]}  Nf6 {[%clk 0:10:00]} 3. c4 {[%clk 0:08:47]}  c6 {[%clk 0:10:00]} 4. Nc3 {[%clk 0:08:47]}  e6 {[%clk 0:10:01]} 5. d4 {[%clk 0:08:48]}  Nbd7 {[%clk 0:10:03]} 6. Qc2 {[%clk 0:08:48]}  a5 {[%clk 0:10:01]} 7. e4 {[%clk 0:08:26]}  dxe4 {[%clk 0:09:57]} 8. Nxe4 {[%clk 0:08:28]}  Nxe4 {[%clk 0:09:59]} 9. Qxe4 {[%clk 0:08:30]}  Bb4+ {[%clk 0:10:00]} 10. Bd2 {[%clk 0:08:30]}  Bxd2+ {[%clk 0:09:51]} 11. Nxd2 {[%clk 0:08:32]}  O-O {[%clk 0:09:24]} 12. Nf3 {[%clk 0:08:11]}  Qb6 {[%clk 0:08:06]} 13. Qc2 {[%clk 0:08:10]}  c5 {[%clk 0:07:19]} 14. Rd1 {[%clk 0:07:33]}  Qb4+ {[%clk 0:07:19]} 15. Qd2 {[%clk 0:06:37]}  cxd4 {[%clk 0:07:13]} 16. Nxd4 {[%clk 0:06:35]}  Nc5 {[%clk 0:07:01]} 17. a3 {[%clk 0:06:19]}  Qxd2+ {[%clk 0:07:02]} 18. Rxd2 {[%clk 0:06:21]}  e5 {[%clk 0:06:55]} 19. Nb5 {[%clk 0:06:21]}  Bf5 {[%clk 0:06:33]} 20. Rd5 {[%clk 0:06:06]}  b6 {[%clk 0:05:28]} 1/2-1/2


[Site "Internet"]

[Event "Chessable Masters - Torneo preliminare"]
[White "Darini, Pouria"]
[Black "Bok, Benjamin"]
[WhiteFideId "12502200"]
[BlackFideId "1017063"]
[WhiteElo "2573"]
[BlackElo "2608"]
[Result "1-0"]
[Round "2"]
[TimeControl "600+2"]
[Date "2023.03.13"]
[WhiteClock "0:00:12"]
[BlackClock "0:00:06"]

1. e4 {[%clk 0:10:00]}  e5 {[%clk 0:09:57]} 2. Bc4 {[%clk 0:09:58]}  Nf6 {[%clk 0:09:57]} 3. d3 {[%clk 0:09:59]}  Nc6 {[%clk 0:09:59]} 4. Nc3 {[%clk 0:09:55]}  Bb4 {[%clk 0:09:57]} 5. Ne2 {[%clk 0:09:48]}  d5 {[%clk 0:09:54]} 6. exd5 {[%clk 0:09:49]}  Nxd5 {[%clk 0:09:56]} 7. O-O {[%clk 0:09:50]}  Be6 {[%clk 0:09:56]} 8. a3 {[%clk 0:08:51]}  Bxc3 {[%clk 0:09:33]} 9. bxc3 {[%clk 0:08:40]}  O-O {[%clk 0:09:34]} 10. Re1 {[%clk 0:08:19]}  Qd7 {[%clk 0:09:30]} 11. Rb1 {[%clk 0:07:57]}  Nb6 {[%clk 0:09:13]} 12. Bxe6 {[%clk 0:07:46]}  Qxe6 {[%clk 0:09:15]} 13. f4 {[%clk 0:07:30]}  Rfe8 {[%clk 0:08:51]} 14. Ng3 {[%clk 0:07:00]}  Qd7 {[%clk 0:08:23]} 15. f5 {[%clk 0:05:42]}  f6 {[%clk 0:06:29]} 16. Qf3 {[%clk 0:05:42]}  Ne7 {[%clk 0:05:07]} 17. Rf1 {[%clk 0:05:36]}  Rab8 {[%clk 0:04:23]} 18. Ne4 {[%clk 0:05:36]}  Nbc8 {[%clk 0:04:12]} 19. Qg4 {[%clk 0:02:18]}  Kh8 {[%clk 0:04:11]} 20. Rf3 {[%clk 0:02:07]}  Nd6 {[%clk 0:03:58]} 21. Nc5 {[%clk 0:02:08]}  Qc8 {[%clk 0:01:12]} 22. Qh5 {[%clk 0:01:25]}  Ndxf5 {[%clk 0:01:04]} 23. Rh3 {[%clk 0:01:26]}  h6 {[%clk 0:00:59]} 24. Bd2 {[%clk 0:01:10]}  Rf8 {[%clk 0:00:41]} 25. Rf1 {[%clk 0:01:09]}  b6 {[%clk 0:00:39]} 26. Ne4 {[%clk 0:00:59]}  Kg8 {[%clk 0:00:35]} 27. Qg4 {[%clk 0:00:49]}  Nd6 {[%clk 0:00:18]} 28. Qh5 {[%clk 0:00:50]}  Nxe4 {[%clk 0:00:17]} 29. dxe4 {[%clk 0:00:52]}  Qe8 {[%clk 0:00:18]} 30. Qg4 {[%clk 0:00:52]}  Qg6 {[%clk 0:00:14]} 31. Qe6+ {[%clk 0:00:54]}  Qf7 {[%clk 0:00:15]} 32. Qg4 {[%clk 0:00:56]}  Kh7 {[%clk 0:00:15]} 33. Rff3 {[%clk 0:00:45]}  Rbd8 {[%clk 0:00:16]} 34. Bxh6 {[%clk 0:00:43]}  Ng6 {[%clk 0:00:07]} 35. Be3+ {[%clk 0:00:14]}  Kg8 {[%clk 0:00:08]} 36. Qh5 {[%clk 0:00:14]}  Qe8 {[%clk 0:00:05]} 37. Qh7+ {[%clk 0:00:12]}  Kf7 {[%clk 0:00:06]} 38. Rhg3 {[%clk 0:00:12]}  Nf4 {[%clk 0:00:04]} 39. Rxg7+ {[%clk 0:00:08]}  Ke6 {[%clk 0:00:05]} 40. Bxf4 {[%clk 0:00:08]}  exf4 {[%clk 0:00:05]} 41. Qf5+ {[%clk 0:00:10]}  Kd6 {[%clk 0:00:06]} 42. Qd5# {[%clk 0:00:12]} 1-0


[Site "Internet"]